00454cam a2200157ua 45000010005000000080039000050400009000440820012000531000038000652450072001032500009001752600037001843000017002216530013002386530045002512653110901n ii |||gr||||Z||||||asm cMAIN a491.4511 aSharma, Mukunda Madhava,eAuthor.11aAssamese for all or assamese self taughtcby Mukunda Madhava Sharma a1st. aJorhat:bAsam sahitya sabha,963. a123p:c23cm. aFolklore aAssamese for all or assamese self taught